000
00191nam a22000857a 4500
008
161122b xxu||||| |||| 00| 0 eng d
100
_9
1317
_a
Harlourt
245
_a
Mathematics
260
_a
USA
_c
2002
999
_c
4030
_d
4030